01329nam a2200229 a 450000100100000000500170001000800410002704000250006808200150009311101070010824500830021526001020029830000200040070000370042004900090045795201280046695201280059495201280072295201130085095201190096399900170108200001672220200929164943.0100310s1950 dr 000 0 spa d aDO-SdBNPbspacBNPHU axxxbC215d2 aConferencia, La cancelación de la deuda pública dominicanad(1950 jul. 17 :cSanto Domingo)93709113aLa cancelación de la deuda pública dominicana /cJosé E. García Aybar. aCiudad Trujillo, República Dominicana :bMontalvobPublicaciones del Partido Dominicano,c1950. a19 p. ;c24 cm.1 aGarcía Aybar, José E.936120 aBNPD 001054708DSaGRbGRcCTd2010-03-10iLF1l0oxxx C215dp16722-30r2020-06-25te. 3w2020-06-25yLFDSZPréstamo en sala 001154708DSaGRbGRcMId2011-05-03iLF1l0oxxx C215dp16722-40r2020-06-25te. 4w2020-06-25yLFDSZPréstamo en sala 001154708DSaGRbGRcMId2011-05-03iLF1l0oxxx C215dp16722-50r2020-06-25te. 5w2020-06-25yLFDSZPréstamo en sala 0010718PDaPDbPDcCTd2010-03-10iLF1l0oxxx C215dp16722-10r2020-06-25w2020-06-25yLFPDZNo se presta 0010718PDaPDbPDcCTd2010-03-10iLF1l0oxxx C215dp16722-20r2020-06-25te. 2w2020-06-25yLFPDZNo se presta c16254d16254